Geografía 1 es : ambientes, territorios y población en el mundo actual /

Guardado en:
Autor Principal: García, Carolina
Formato: Libro
Publicado: Buenos Aires : Estrada, 2014
Series:Huellas
Materias:
Etiquetas: Agregar Etiqueta
Sin Etiquetas, Sea el primero en etiquetar este registro!
LEADER 01222nam a22002295a 4500
001 CEM.cems014589
005 20150507155905.0
008 130507s2014##################000#0#####d
003 CEMS
020 |a 9789500116824 
082 0 4 |a 910 
100 1 |a García, Carolina 
245 1 0 |a Geografía 1 es :  |b ambientes, territorios y población en el mundo actual /  |c Carolina García ... y Otros 
260 |a Buenos Aires :  |b Estrada,  |c 2014 
300 |a 192 p. 
490 0 |a Huellas 
505 0 |a La geografía como ciencia social -- Los países del mundo actual -- Valorizacion de los recursos naturales y construccion de ambientes -- La dinámica geológica -- El clima y los ecosistemas -- La hidrósfera terrestre -- Riesgos de desastre y vulnerabilidad social -- El manejo de los recursos naturales y los problemas ambientales -- La dinámica demográfica -- Movimientos migratorios -- Trabajo y calidad de vida en el mundo actual -- Los espacios rurarales -- Los espacios urbanos 
653 |a Geugrafía 
653 |a Geografía mundial 
653 |a Geografía de la población 
859 |a CEMS  |b BIB. CEMS - 11 de abril  |h 910  |i G165  |p 27159.15  |t Ej.1  |v 1  |3 1 
859 |a CEMS  |b BIB. CEMS - 11 de abril  |h 910  |i G165  |p 28374.19  |t Ej.2  |v 1  |3 1